000 00830nam a2200217Ia 4500
001 15550
003 GE_BSU
008 181216s||||||||xx |||||||||||||| ||und||
040 _cGE_BSU
080 _a82-93:821.161.1-32
100 _aგაიდარი, ა.
245 _aმოთხრობები
245 _cთარგმნეს ბ. შელიამ და მ. ლებანიძემ. რედ.ვ. ძიძიგური. მხატვ. კ.მახარაძე
260 _aთბილისი
260 _bსაბლიტგამი
260 _c1954
300 _a312გვ.ილ.21სმ.
653 _aმეოთხე ბლინდაჟი; შორეული ქვეყნები და სხვა
653 _aმოთხრობები
942 _cBK
999 _c48650
_d48650